Statistics for Inter Milan Scorers in 2010s Champions League

Click here to take the quiz!

General Stats

  • This quiz has been taken 218 times
  • The average score is 11 of 18

Answer Stats

PlayerNationGls% Correct
Samuel Eto'oCameroon10
99%
Diego MilitoArgentina9
98%
Wesley SneijderNetherlands6
96%
Javier ZanettiArgentina1
86%
Goran PandevMacedonia1
85%
Esteban CambiassoArgentina3
80%
Dejan StankovićSerbia4
79%
MaiconBrazil1
76%
Walter SamuelArgentina2
70%
Mauro IcardiArgentina4
67%
LúcioBrazil1
66%
Mario BalotelliItaly1
41%
Radja NainggolanBelgium1
36%
Matías VecinoUruguay1
35%
Thiago MottaItaly1
32%
Giampaolo PazziniItaly3
24%
Ricky ÁlvarezArgentina1
19%
Mauro ZárateArgentina1
11%

Score Distribution

Percentile by Number Answered

Percent of People with Each Score

Your Score History

You have not taken this quiz